| 000 | 00613nam a22002172 4500 | ||
|---|---|---|---|
| 001 | 0000005839 | ||
| 005 | 20151217145826.0 | ||
| 008 | 070719s xx 000 0 eng d | ||
| 020 |
_a0521548926 : _cKES 2,400 |
||
| 040 |
_aKABU _cKABU |
||
| 050 | 0 |
_aQP34.5 _b.J66 |
|
| 100 | 1 |
_aJones, Mary. _@0000155239 |
|
| 245 | 1 | 0 |
_aHuman biology for A2 / _cMary Jones, Geoff Jones. |
| 260 |
_aCambridge : _bCUP, _c2005. |
||
| 300 | _avi, 298 p. | ||
| 650 | 0 |
_aHuman biology. _@0000155214 |
|
| 700 | 1 |
_aJones, Geoff. _@0000155240 |
|
| 908 | _a070719 | ||
| 950 | _@1 | ||
| 999 |
_c2989 _d2989 |
||